English for students of economics : microeconomics
Αποθηκεύτηκε σε:
| Κύριος συγγραφέας: | |
|---|---|
| Μορφή: | Βιβλίο |
| Γλώσσα: | English |
| Δημοσίευση: |
Athens :
Τυπωθήτω,
2003.
|
| Έκδοση: | 1rst ed., Repr. |
| Θέματα: | |
| Ετικέτες: |
Προσθήκη ετικέτας
Δεν υπάρχουν, Καταχωρήστε ετικέτα πρώτοι!
|
MARC
| LEADER | 00000nam a2200000 i 4500 | ||
|---|---|---|---|
| 001 | 1/25551 | ||
| 008 | 130207r20031999gr ||| eng|| | ||
| 020 | |a 960-8041-07-4 | ||
| 035 | |l 10113665 | ||
| 040 | |a GR-MY-UA |b gre |e aacr | ||
| 041 | 0 | |a eng | |
| 082 | 0 | |a 428.24 |2 (22) | |
| 100 | 1 | |a Stefan, Joan. | |
| 245 | 1 | 0 | |a English for students of economics : |b microeconomics / |c Joan Stefan. |
| 250 | |a 1rst ed., Repr. | ||
| 260 | |a Athens : |b Τυπωθήτω, |c 2003. | ||
| 300 | |a 143 σ. : |b εικ. ; |c 28 εκ. | ||
| 650 | 0 | 0 | |a English language |x Business English |x Study and teaching |x Foreign speakers. |
| 650 | 0 | 0 | |a English language |x Readers |x Economics. |
| 650 | 0 | 0 | |a Economics |x Terminology. |
| 852 | |a INST |b SAMOS |e 20130207 |h 428.24 STE |p 005300033455 |q 005300033455 |t BK |y 23 | ||
| 852 | |a INST |b SAMOS |c EUDOXUS |e 20130514 |h 428.24 STE |p 005300037008 |q 005300037008 |t EDX |y 0 | ||
| 852 | |a INST |b SAMOS |c EUDOXUS |e 20130322 |h 428.24 STE |p 005300039840 |q 005300039840 |t EDX |y 0 | ||
| 852 | |a INST |b SAMOS |c EUDOXUS |e 20130322 |h 428.24 STE |p 005300039841 |q 005300039841 |t EDX |y 0 | ||
| 852 | |a INST |b SAMOS |c EUDOXUS |e 20130322 |h 428.24 STE |p 005300039842 |q 005300039842 |t EDX |y 0 | ||
| 852 | |a INST |b SAMOS |c EUDOXUS |e 20130322 |h 428.24 STE |p 005300039843 |q 005300039843 |t EDX |y 0 | ||
| 852 | |a INST |b SAMOS |c EUDOXUS |e 20130514 |h 428.24 STE |p 005300040041 |q 005300040041 |t EDX |y 0 | ||
| 852 | |a INST |b SAMOS |c EUDOXUS |e 20170112 |h 428.24 STE |p 005300044117 |q 005300044117 |t EDX |y 0 | ||
| 852 | |a INST |b SAMOS |c EUDOXUS |e 20170112 |h 428.24 STE |p 005300044118 |q 005300044118 |t EDX |y 0 | ||
| 901 | |a BIBL3-2013-2 | ||
| 901 | |a BIBL3-2013-1 | ||
| 909 | |a Σ |b 178237 | ||
| 909 | |a Σ |b 178246 | ||
| 909 | |a Σ |b 178065 | ||
| 909 | |a Σ |b 178066 | ||
| 909 | |a Σ |b 178067 | ||
| 909 | |a Σ |b 178068 | ||
| 909 | |a Σ |b 177783 | ||
| 920 | |a ΕΥΔΟΞΟΣ |b ΠΑΡΑΓΓΕΛΙΑ |y ΣΑΜΟΣ-ΣΧΑΜ |z 2013-02 | ||
| 920 | |a ΕΥΔΟΞΟΣ |b ΕΠΙΣΤΡΟΦΗ |y ΣΑΜΟΣ |z 2013-02 | ||
| 920 | |a Εύδοξος |b Παραγγελία |y Σάμος-ΤΣΑΧΜ |z 2016-12 | ||
| 922 | |a 3ΕΛΗ |b 2012-10 |c ΒΙΒΛΙΟΘΗΚΗ |d BEST BOOK HUNTERS | ||
| 970 | |a ΓΟΥΒΑΛΑ |b ΒΑΣΩ |z 2013/02/07 | ||